WONG'S ESSENTIALS OF PEDIATRIC NURSING (Record no. 27346)

MARC details
000 -LEADER
fixed length control field 00519nam a22001817a 4500
003 - CONTROL NUMBER IDENTIFIER
control field SGT
020 ## - INTERNATIONAL STANDARD BOOK NUMBER
International Standard Book Number 9788131264454
082 ## - DEWEY DECIMAL CLASSIFICATION NUMBER
Classification number 610.7362
Item number W22H
100 ## - MAIN ENTRY--PERSONAL NAME
Personal name HOCHENBERRY, MARILYN J.
245 ## - TITLE STATEMENT
Title WONG'S ESSENTIALS OF PEDIATRIC NURSING
250 ## - EDITION STATEMENT
Edition statement 3RD
260 ## - PUBLICATION, DISTRIBUTION, ETC. (IMPRINT)
Place of publication, distribution, etc INDIA
Name of publisher, distributor, etc ELSEVIER PUB
Year of Publication 2022
300 ## - PAGE DESCRIPTION
No. of Pages 983
650 ## - SUBJECT ADDED ENTRY--TOPICAL TERM
Topical term or geographic name as entry element PEDIATRIC NURSING
653 ## - KEYWORDS--INDEX TERM
Keyword term Family, Social, Cultural, and Religious Influences on Child Health Promotion
653 ## - KEYWORDS--INDEX TERM
Keyword term Children, Their Families, and the Nurse
942 ## - ADDED ENTRY ELEMENTS (KOHA)
Source of classification or shelving scheme Dewey Decimal Classification
Koha item type Books
Holdings
Withdrawn status Lost status Source of classification or shelving scheme Damaged status Not for loan Collection code Home library Current library Shelving location Date acquired Vendor Name Cost, normal purchase price SGTU Bill Number Total Checkouts Full call number Accession No. (Barcode) Date last seen Bill Date Koha item type
    Dewey Decimal Classification   Not For Loan NURSING SGT Medical Library SGT Medical Library Reference Book 29/08/2024 ABC DELHI 2710.00 SGTU 19450   610.7362 W22H FN5585 15/11/2024 29/08/2024 Books
    Dewey Decimal Classification   Not For Loan NURSING SGT Medical Library SGT Medical Library Reference Book 29/08/2024 ABC DELHI 2710.00 SGTU 19450   610.7362 W22H FN5586 15/11/2024 29/08/2024 Books
    Dewey Decimal Classification   Not For Loan NURSING SGT Medical Library SGT Medical Library Reference Book 29/08/2024 ABC DELHI 2710.00 SGTU 19450   610.7362 W22H FN5587 15/11/2024 29/08/2024 Books